Loading...
| Literature - European | 0 | 8 | 0 | 0 | 80 | 37 | 66.75 | 5 | 7 | 0.00 | 0.00 |
| Science - Chemistry | 0 | 7 | 0 | 2 | 70 | 14 | 67.57 | 2 | 7 | 0.00 | 0.00 |
| Literature - World | 0 | 6 | 1 | 0 | 55 | 60 | 84.00 | 2 | 5 | 0.00 | 0.00 |
| Literature - British | 0 | 5 | 1 | 0 | 45 | 67 | 91.80 | 1 | 5 | 0.00 | 0.00 |
| Philosophy | 0 | 5 | 2 | 0 | 40 | 61 | 90.60 | 1 | 4 | 0.00 | 0.00 |
| Science - Biology | 0 | 4 | 0 | 0 | 40 | 63 | 69.50 | 2 | 3 | 0.00 | 0.00 |
| Fine Arts - Painting & Sculpture | 0 | 4 | 1 | 0 | 35 | 44 | 67.75 | 2 | 3 | 0.00 | 0.00 |
| Literature - American | 0 | 4 | 2 | 0 | 30 | 19 | 48.50 | 2 | 4 | 0.00 | 0.00 |
| Fine Arts - Classical Music | 0 | 4 | 3 | 0 | 25 | 47 | 76.25 | 3 | 3 | 0.00 | 0.00 |
| Other | 0 | 2 | 0 | 1 | 20 | 90 | 103.50 | 1 | 1 | 0.00 | 0.00 |
| Fine Arts - Other | 0 | 3 | 3 | 0 | 15 | 67 | 97.33 | 1 | 3 | 0.00 | 0.00 |
| History - European | 0 | 2 | 2 | 0 | 10 | 84 | 86.50 | 1 | 2 | 0.00 | 0.00 |
| Social Science | 0 | 1 | 0 | 0 | 10 | 97 | 97.00 | 0 | 1 | 0.00 | 0.00 |
| History - Other | 0 | 1 | 1 | 0 | 5 | 30 | 30.00 | 1 | 1 | 0.00 | 0.00 |
| Mythology | 0 | 1 | 1 | 0 | 5 | 127 | 127.00 | 0 | 1 | 0.00 | 0.00 |
| Science - Other | 0 | 1 | 1 | 0 | 5 | 89 | 89.00 | 0 | 1 | 0.00 | 0.00 |
| Religion | 0 | 1 | 2 | 0 | 0 | 128 | 128.00 | 0 | 1 | 0.00 | 0.00 |
| History - American | 0 | 0 | 1 | 0 | -5 | 0.00 | 0 | 0 | 0.00 | 0.00 | |
| History - World | 0 | 0 | 1 | 0 | -5 | 0.00 | 0 | 0 | 0.00 | 0.00 | |
| Science - Physics | 0 | 0 | 2 | 0 | -10 | 0.00 | 0 | 0 | 0.00 | 0.00 |